000
00309nam a22001337a 4500
008
180919b xxu||||| |||| 00| 0 eng d
020
_a
9781455749089
041
_a
eng
080
_a
610..73
100
_a
2
101
_a
NUR
245
_a
New Directions In Nursing Education
_c
Smith,
942
_2
udc
_c
BK
999
_c
48034
_d
48034